English grammar and composition / (Record no. 193800)

MARC details
000 -LEADER
fixed length control field 00848nam a22002177a 4500
005 - DATE AND TIME OF LATEST TRANSACTION
control field 20230321101808.0
010 ## - LCCN (DPL NO)
LC control number B-746985-992 E.N.A./7.11.22
020 ## - INTERNATIONAL STANDARD BOOK NUMBER
International Standard Book Number 9788194671923
Terms of availability 590.00
035 ## - SYSTEM CONTROL NUMBER
System control number B-746985-992
037 ## - SOURCE OF ACQUISITION
Source of stock number/acquisition Sultan Chand & Sons
082 ## - DEWEY DECIMAL CLASSIFICATION NUMBER
Classification number 480
100 ## - MAIN ENTRY--PERSONAL NAME
Personal name Pal, Rajendra
245 ## - TITLE STATEMENT
Title English grammar and composition /
Medium
Statement of responsibility, etc Rajender Pal, Prem Lata Suri, Snigdha Budhiraja
260 ## - PUBLICATION, DISTRIBUTION, ETC. (IMPRINT)
Place of publication, distribution, etc New Delhi
Name of publisher, distributor, etc Sultan Chand & Sons
Date of publication, distribution, etc 2022
270 ## - ADDRESS
Address 4859/24, Darya Ganj
City New Delhi
Postal code 110002
300 ## - PHYSICAL DESCRIPTION
Extent 480p.
Dimensions 28cm(pbk)
700 ## - ADDED ENTRY--PERSONAL NAME
Personal name Suri, Prem Lata
700 ## - ADDED ENTRY--PERSONAL NAME
Personal name Buhiraja, Snigdha
942 ## - ADDED ENTRY ELEMENTS (KOHA)
Source of classification or shelving scheme Dewey Decimal Classification
Item type English Books
Call number suffix PAL
Classification part 480
Holdings
Withdrawn status Lost status Not for loan Collection code Home library Current library Date acquired Source of acquisition Cost, normal purchase price Full call number Barcode Copy number Cost, replacement price Koha item type
      Non-fiction Ashok Vihar Ashok Vihar 21/03/2023 Sultan Chand & Sons/D-5093/1.12.22/212/23.11.22/2.12.22 590.00 480 PAL B-746988 1 590.00 English Books
      Non-fiction Bawana Bawana 21/03/2023 Sultan Chand & Sons/D-5093/1.12.22/212/23.11.22/2.12.22 590.00 480 PAL B-746991 1 590.00 English Books
      Non-fiction Central Library Central Library 21/03/2023 Sultan Chand & Sons/D-5093/1.12.22/212/23.11.22/2.12.22 590.00 480 PAL B-746985 1 590.00 English Books
      Non-fiction Mobile Library Mobile Library 21/03/2023 Sultan Chand & Sons/D-5093/1.12.22/212/23.11.22/2.12.22 590.00 480 PAL B-746986 2 590.00 English Books
      Non-fiction Mobile Library Mobile Library 21/03/2023 Sultan Chand & Sons/D-5093/1.12.22/212/23.11.22/2.12.22 590.00 480 PAL B-746987 2 590.00 English Books
      Non-fiction Patel Nagar Patel Nagar 21/03/2023 Sultan Chand & Sons/D-5093/1.12.22/212/23.11.22/2.12.22 590.00 480 PAL B-746989 1 590.00 English Books
      Non-fiction Sarojini Nagar Sarojini Nagar 21/03/2023 Sultan Chand & Sons/D-5093/1.12.22/212/23.11.22/2.12.22 590.00 480 PAL B-746990 1 590.00 English Books
      Non-fiction Shahdara Branch Shahdara Branch 21/03/2023 Sultan Chand & Sons/D-5093/1.12.22/212/23.11.22/2.12.22 590.00 480 PAL B-746992 1 590.00 English Books

© Delhi Public Library
Hit Counter
free hit counter